| 000 | 00541pam a2200157 a 4500 | ||
|---|---|---|---|
| 020 | _a0309044707 (pbk.) : | ||
| 082 | 0 | 0 | _a625.76 |
| 245 | 0 | 0 | _aPavement evaluation and rehabilitation. |
| 260 |
_aWashington, D.C. : _bTransportation Research Board, National Research Council, _c1987. |
||
| 300 |
_a170 p. : _bill. ; _c28 cm. |
||
| 526 |
_a0 _b0 _c0 _d625_000000000000000_76PAV |
||
| 650 | 0 |
_aMCE _9379 |
|
| 650 | 0 |
_aPavements _xMaintenance and repair _xCongresses. _943739 |
|
| 710 | 2 |
_aNational Research Council (U.S.). _920017 |
|
| 942 |
_2ddc _cBK |
||
| 999 |
_c547558 _d547558 |
||